Linear algebra and its applications
Saved in:
| Main Author: | |
|---|---|
| Format: | Book |
| Language: | English |
| Published: |
CBS Publisher & Distributors
2014
|
| Tags: |
Add Tag
No Tags, Be the first to tag this record!
|
MARC
| LEADER | 00000nam a22000007a 4500 | ||
|---|---|---|---|
| 008 | 211124b ||||| |||| 00| 0 eng d | ||
| 020 | |a 9788123924083 | ||
| 100 | |a Ganesh, A | ||
| 245 | |a Linear algebra and its applications |c Ganesh, A |g xviii, 446p. | ||
| 260 | |b CBS Publisher & Distributors |c 2014 |h New Delhi |i 696906 |i 696907 |m Algebras, Linear. |l QA184.2 .G15 | ||
| 500 | |a It includes index | ||
| 942 | |a lcc |c BK |e Adeyeye Y. S. |f 24/11/21` | ||
| 952 | |0 0 |1 0 |2 lcc |4 0 |6 QA01842 G15 |7 0 |9 3923 |a HOL |b HOL |c QZ |d 2021-11-24 |o QA184.2 .G15 |p 2021-67646 |r 2021-11-24 00:00:00 |t 696906 |w 2021-11-24 |y BK | ||
| 952 | |0 0 |1 0 |2 lcc |4 0 |6 QA01842 G15 |7 0 |9 3967 |a HOL |b SL |c QZ |d 2021-12-15 |o QA184.2 .G15 |p 2021-67690 |r 2021-12-15 00:00:00 |t 696907 |w 2021-12-15 |y BK | ||
| 999 | |c 1961 |d 1961 | ||